000 01408nam0a2200373 4500
001 RU\NLR\IN17\4282
005 20251203171251.9
035 _a(NLR Aleph) 010116844
035 _aRU\NLR\IN17\4282
090 _a9985649
_c9985649
100 _a20050224d1822 u y0rusy50 ca
101 0 _ager
102 _aRU
135 _acoco 024apabr
200 1 _aSammlung auserlesener Lieder von der erlosenden Liebe
205 _aZweite Auflage
210 _aSt. Petersburg [St. Peterburg]
_cGedruckt bei M.C. Jversen
_cZu haben bei dem Buchbinder J.W. Juncker, in der gro|en Stallhof-Stra|e Nro 10
_d1822
215 _d8ш (18 см)
307 _aТекст напеч. в 2 стб.
325 _aКопия доступна в Электрон. б-ке РНБ http://vivaldi.nlr.ru/ob000000139/view
620 _dSt. Peterburg
702 1 _aJversen
_bM.C.
_4610
702 1 _apmncker
_bJ.W.
_4160
801 0 _aRU
_bNLR
_c20050224
830 _ade visu; ГК-этого нет; рек. Г.Р.
852 _aNLR
_j15.21.4.49
856 0 _uhttp://vivaldi.nlr.ru/ob000000139/view
856 1 _uhttp://vivaldi.nlr.ru/ob000000139/cover
856 2 _uhttp://vivaldi.nlr.ru/ob000000139/text
942 _cBOOK
980 _aNB
981 2 0 _a(20) Книжные памятники РНБ
_b(20) Отдел редких книг
981 2 9 _a(29) Редкая книга